[Event "SVK-chT2C 1213"]
[Site "Slovakia"]
[Date "2013.03.17"]
[Round "11.5"]
[White "Kekely, Lubos"]
[Black "Martinka, Tomas"]
[Result "1/2-1/2"]
[WhiteElo "2109"]
[BlackElo "1552"]
[PlyCount "81"]
[EventDate "2012.10.13"]
[EventType "team-tourn"]
[EventRounds "11"]
[EventCountry "SVK"]
[SourceTitle "EXT 2015"]
[Source "ChessBase"]
[SourceDate "2014.11.20"]
[SourceVersion "1"]
[SourceVersionDate "2014.11.20"]
[SourceQuality "1"]
[WhiteTeam "Zilina DMS"]
[BlackTeam "Detva Garde"]
[WhiteTeamCountry "SVK"]
[BlackTeamCountry "SVK"]

1. e4 d5 2. exd5 Qxd5 3. Nc3 Qd8 4. d4 Nf6 5. h3 Bf5 6. Nf3 e6 7. Nh4 Bg6 8. Nxg6 hxg6 9. Be3 c6 10. Qf3 Bb4 11. a3 Ba5 12. Bd3 Nd5 13. Bd2 Nxc3 14. bxc3 Nd7 15. 0-0 0-0 16. Rab1 Nb6 17. Rfe1 Qd7 18. h4 Nd5 19. h5 gxh5 20. Qxh5 g6 21. Qh6 Bxc3 22. Bxc3 Nxc3 23. Rb4 Qe7 24. d5 Qf6 25. Rh4 Qg7 26. dxe6 Qxh6 27. Rxh6 Kg7 28. Rh3 Nd5 29. exf7 Rxf7 30. Rg3 Rf6 31. c4 Nf4 32. Re7+ Kh6 33. Rxb7 Rd8 34. Rb3 Rfd6 35. Bf1 Rd1 36. Rge3 Rc1 37. g3 Nh5 38. Kg2 Rd2 39. Bd3 Rcd1 40. Bb1 Rd6 41. Bd3 1/2-1/2

[Event "SVK-chT2C 1213"]
[Site "Slovakia"]
[Date "2012.10.14"]
[Round "2.6"]
[White "Kekely, Lubos"]
[Black "Longauer, Igor"]
[Result "1/2-1/2"]
[WhiteElo "2109"]
[BlackElo "1849"]
[PlyCount "147"]
[EventDate "2012.10.13"]
[EventType "team-tourn"]
[EventRounds "11"]
[EventCountry "SVK"]
[SourceTitle "EXT 2015"]
[Source "ChessBase"]
[SourceDate "2014.11.20"]
[SourceVersion "1"]
[SourceVersionDate "2014.11.20"]
[SourceQuality "1"]
[WhiteTeam "Zilina DMS"]
[BlackTeam "Zvolen Slavia"]
[WhiteTeamCountry "SVK"]
[BlackTeamCountry "SVK"]

1. e4 e5 2. Nf3 Nf6 3. d4 Nxe4 4. Bd3 d5 5. Nxe5 Bd6 6. 0-0 0-0 7. c4 Bxe5 8. dxe5 Be6 9. Qc2 f5 10. exf6 Nxf6 11. Bg5 h6 12. Bh4 Nc6 13. cxd5 Qxd5 14. Bxf6 Rxf6 15. Be4 Qc4 16. Qxc4 Bxc4 17. Rd1 Rd8 18. Rxd8+ Nxd8 19. Na3 Ba6 20. Rd1 Rd6 21. Bc2 Rxd1+ 22. Bxd1 Nc6 23. f4 Kf7 24. Nc2 Bd3 25. Ne3 Nd4 26. Nd5 c6 27. Nc3 b5 28. Kf2 Bc2 29. Bxc2 Nxc2 30. a3 Ke6 31. Ke2 Nd4+ 32. Kd3 Nb3 33. g4 a6 34. Ne2 c5 35. Kc3 Na5 36. Ng3 g6 37. h4 Nc6 38. h5 gxh5 39. Nxh5 Ne7 40. Kd3 a5 41. Ke4 b4 42. axb4 cxb4 43. b3 Kf7 44. Kd4 Ke6 45. Kc5 Nc6 46. Ng3 Ne7 47. Ne2 Kf6 48. Nc1 Ng6 49. Nd3 Nxf4 50. Nxf4 Kg5 51. Nd5 Kxg4 52. Kb5 Kf5 53. Kxa5 h5 54. Kxb4 h4 55. Ne3+ Ke4 56. Nf1 Kf3 57. Kc4 Kf2 58. Nh2 Kg3 59. Nf1+ Kf2 60. Nh2 Kg3 61. b4 Kxh2 62. b5 Kg2 63. b6 h3 64. b7 h2 65. b8Q h1Q 66. Qb7+ Kh2 67. Qh7+ Kg1 68. Qa7+ Kh2 69. Qc7+ Kg1 70. Qc5+ Kh2 71. Qe5+ Kg1 72. Qe3+ Kh2 73. Qf4+ Kg1 74. Qe3+ 1/2-1/2

[Event "SVK-chT2C 1112"]
[Site "Slovakia"]
[Date "2012.01.29"]
[Round "9.5"]
[White "Sulko, Jan"]
[Black "Kekely, Lubos"]
[Result "1-0"]
[WhiteElo "2070"]
[BlackElo "2116"]
[PlyCount "139"]
[EventDate "2011.10.08"]
[EventType "team-tourn"]
[EventRounds "11"]
[EventCountry "SVK"]
[SourceTitle "EXT 2013"]
[Source "ChessBase"]
[SourceDate "2012.11.22"]
[SourceVersion "1"]
[SourceVersionDate "2012.11.22"]
[SourceQuality "1"]
[WhiteTeam "Zvolen Slavia"]
[BlackTeam "Zilina DMS"]
[WhiteTeamCountry "SVK"]
[BlackTeamCountry "SVK"]

1. d4 d5 2. c4 c6 3. Nc3 Nf6 4. e3 e6 5. Nf3 Ne4 6. Qc2 f5 7. Bd3 Bd6 8. c5 Bc7 9. b4 Nd7 10. Bb2 Qf6 11. Ne2 h5 12. h4 Qg6 13. Bxe4 fxe4 14. Ng5 Qf5 15. f3 exf3 16. Qxf5 exf5 17. gxf3 Nf6 18. a4 0-0 19. Kf2 Bd7 20. Nc3 a6 21. Ne2 Nh7 22. Nh3 g6 23. Rhg1 Kf7 24. Nef4 Rg8 25. Rg2 Bd8 26. Ng5+ Nxg5 27. hxg5 Bc7 28. Nd3 a5 29. Bc3 axb4 30. Bxb4 Ra6 31. Kf1 f4 32. Re2 fxe3 33. Rxe3 Bf5 34. Ne5+ Kg7 35. Bd2 Re8 36. Rb3 Ra7 37. Bf4 Bc2 38. Rba3 Rea8 39. Nxg6 Kxg6 40. Bxc7 Bxa4 41. Kf2 Kxg5 42. f4+ Kf5 43. Rh1 Bb5 44. Re3 Ra2+ 45. Kf3 R8a3 46. Rxh5+ Kg6 47. Rg5+ Kf7 48. Rxa3 Rxa3+ 49. Kg4 Be2+ 50. Kf5 Bd3+ 51. Kg4 Be2+ 52. Kh4 Ra8 53. Rf5+ Kg6 54. Re5 Bd3 55. Bd6 Rd8 56. Kg4 b5 57. f5+ Kf7 58. Re7+ Kf6 59. Re6+ Kf7 60. Be5 Rc8 61. Rd6 Ke8 62. Kg5 b4 63. f6 b3 64. Re6+ Kf7 65. Re7+ Kg8 66. f7+ Kf8 67. Bd6 Kg7 68. Rb7 Rf8 69. Bxf8+ Kxf8 70. Kf6 1-0

[Event "SVK-chT2C 10/11"]
[Site "Slovakia"]
[Date "2010.12.05"]
[Round "4.2"]
[White "Suchovsky, Eduard"]
[Black "Kekely, Lubos"]
[Result "0-1"]
[WhiteElo "1932"]
[BlackElo "2096"]
[PlyCount "98"]
[EventDate "2010.10.23"]
[EventType "team-tourn"]
[EventRounds "11"]
[EventCountry "SVK"]
[SourceTitle "EXT 2019"]
[Source "ChessBase"]
[SourceDate "2018.10.10"]
[SourceVersion "1"]
[SourceVersionDate "2018.10.10"]
[SourceQuality "1"]
[WhiteTeam "Banska Bystrica CVC"]
[BlackTeam "Zilina DMS"]
[WhiteTeamCountry "SVK"]
[BlackTeamCountry "SVK"]

1. e4 e5 2. Nf3 Nc6 3. Bc4 Bc5 4. d3 Nf6 5. Nc3 0-0 6. 0-0 h6 7. Be3 d6 8. Bxc5 dxc5 9. h3 a6 10. Nd5 Be6 11. Nxf6+ Qxf6 12. Bxe6 Qxe6 13. c3 Rad8 14. Qc2 Rd6 15. Rfe1 Rfd8 16. Re3 Ne7 17. Rd1 Ng6 18. Qb3 Qxb3 19. axb3 Rb6 20. Nd2 Nf4 21. g3 Nxh3+ 22. Kg2 Ng5 23. Kf1 f6 24. Ke2 Ne6 25. Ra1 Ra8 26. Ra4 a5 27. Kd1 Rba6 28. Kc2 b5 29. Ra1 g5 30. Ree1 Kg7 31. Nf1 Kg6 32. Ne3 h5 33. Nf5 Ng7 34. Ne7+ Kf7 35. Nd5 Rc8 36. Rh1 c6 37. Ne3 Rh8 38. Rh2 Ke6 39. f3 Raa8 40. Rhh1 f5 41. exf5+ Nxf5 42. Nxf5 Kxf5 43. g4+ Kg6 44. gxh5+ Rxh5 45. Rxh5 Kxh5 46. Re1 Re8 47. d4 cxd4 48. cxd4 Kg6 49. dxe5 Kf5 0-1

[Event "SVK-chT2C 0910"]
[Site "Slovakia"]
[Date "2010.02.06"]
[Round "8.7"]
[White "Rogos, Jan"]
[Black "Kekely, Lubos"]
[Result "0-1"]
[WhiteElo "1914"]
[BlackElo "2072"]
[PlyCount "112"]
[EventDate "2009.10.10"]
[EventType "team-tourn"]
[EventRounds "11"]
[EventCountry "SVK"]
[SourceTitle "EXT 2011"]
[Source "ChessBase"]
[SourceDate "2010.11.26"]
[SourceVersion "1"]
[SourceVersionDate "2010.11.26"]
[SourceQuality "1"]
[WhiteTeam "Jelsava"]
[BlackTeam "Zilina DMS"]
[WhiteTeamCountry "SVK"]
[BlackTeamCountry "SVK"]

1. e4 e5 2. Nf3 Nc6 3. Bc4 Bc5 4. 0-0 Nf6 5. d3 h6 6. Nc3 d6 7. Na4 a6 8. Nxc5 dxc5 9. Be3 Qd6 10. h3 g5 11. Nh2 Nd4 12. c3 Ne6 13. f3 Bd7 14. b4 cxb4 15. cxb4 Nd4 16. a3 Rd8 17. Rf2 Nh5 18. Bxd4 Qxd4 19. Ng4 Ke7 20. Rc1 Nf4 21. Rcc2 b5 22. Ba2 Bxg4 23. fxg4 Nxd3 24. Qf3 Nf4 25. Kh2 Qb6 26. Qc3 f6 27. Qxc7+ Qxc7 28. Rxc7+ Rd7 29. Rc6 Rhd8 30. g3 Rd2 31. Rc2 Rxf2+ 32. Rxf2 Ne6 33. Bd5 Nc7 34. Bb7 Rb8 35. Bc6 Rb6 36. Rc2 Kd6 37. Bd5 Nxd5 38. exd5 Kxd5 39. h4 Rc6 40. Rd2+ Ke4 41. Kg2 gxh4 42. gxh4 Kf4 43. g5 hxg5 44. h5 f5 45. Kh3 Rc3+ 46. Kh2 Kg4 47. h6 Rh3+ 48. Kg2 Rxh6 49. Rc2 f4 50. Kg1 f3 51. Ra2 e4 52. a4 bxa4 53. Rxa4 Kg3 54. Ra3 Rd6 55. Ra1 e3 56. Kf1 e2+ 0-1

[Event "SVK-chT2C 0910"]
[Site "Slovakia"]
[Date "2010.01.09"]
[Round "6.6"]
[White "Kekely, Lubos"]
[Black "Straka, Jozef"]
[Result "1/2-1/2"]
[WhiteElo "2072"]
[BlackElo "1936"]
[PlyCount "68"]
[EventDate "2009.10.10"]
[EventType "team-tourn"]
[EventRounds "11"]
[EventCountry "SVK"]
[SourceTitle "EXT 2011"]
[Source "ChessBase"]
[SourceDate "2010.11.26"]
[SourceVersion "1"]
[SourceVersionDate "2010.11.26"]
[SourceQuality "1"]
[WhiteTeam "Zilina DMS"]
[BlackTeam "Cadca II"]
[WhiteTeamCountry "SVK"]
[BlackTeamCountry "SVK"]

1. e4 c5 2. Nf3 d6 3. d4 cxd4 4. Nxd4 Nf6 5. Nc3 a6 6. Be2 e6 7. Be3 Be7 8. 0-0 0-0 9. f4 Qc7 10. Bf3 Nc6 11. Kh1 Rb8 12. Qe1 Nxd4 13. Bxd4 b5 14. Qg3 Bb7 15. e5 Ne8 16. Ne4 Bxe4 17. Bxe4 Qc4 18. Rad1 dxe5 19. Bxe5 Rd8 20. Bd3 Qc6 21. Qh3 g6 22. Qh6 f5 23. Rf3 Bf6 24. h4 Bxe5 25. fxe5 Ng7 26. Rg3 Rd4 27. Rf1 Qc5 28. c3 Qxe5 29. Re3 Rxh4+ 30. Qxh4 Qxe3 31. Rf3 Qe5 32. Bc2 Qf6 33. Qe1 e5 34. Bb3+ Kh8 1/2-1/2

[Event "SVK-chT2C 0910"]
[Site "Slovakia"]
[Date "2009.12.12"]
[Round "5.8"]
[White "Kekely, Lubos"]
[Black "Galbavy, Dusan"]
[Result "1-0"]
[WhiteElo "2072"]
[BlackElo "1918"]
[PlyCount "115"]
[EventDate "2009.10.10"]
[EventType "team-tourn"]
[EventRounds "11"]
[EventCountry "SVK"]
[SourceTitle "EXT 2011"]
[Source "ChessBase"]
[SourceDate "2010.11.26"]
[SourceVersion "1"]
[SourceVersionDate "2010.11.26"]
[SourceQuality "1"]
[WhiteTeam "Zilina DMS"]
[BlackTeam "Zilina Central"]
[WhiteTeamCountry "SVK"]
[BlackTeamCountry "SVK"]

1. e4 e6 2. Nf3 d5 3. Nc3 d4 4. Ne2 c5 5. c3 Nc6 6. cxd4 cxd4 7. Qa4 Bc5 8. b4 Bb6 9. Bb2 Bd7 10. b5 Nce7 11. Bxd4 Bxd4 12. Qxd4 Nf6 13. Nc3 0-0 14. Be2 Qc7 15. 0-0 Rfd8 16. Rac1 Qa5 17. Qe3 Ng6 18. h3 Rac8 19. d4 Nh5 20. Rfd1 Nhf4 21. Bf1 a6 22. bxa6 bxa6 23. g3 Nh5 24. Qg5 Qxg5 25. Nxg5 a5 26. a4 Nf6 27. Nf3 Bc6 28. d5 exd5 29. exd5 Bb7 30. Be2 Rc5 31. d6 Nd7 32. Nb5 Rd5 33. Rxd5 Bxd5 34. Rc7 Nb6 35. Ra7 Nc4 36. Bxc4 Bxc4 37. Rxa5 Bxb5 38. axb5 Rxd6 39. Ra8+ Nf8 40. Ne5 f6 41. b6 fxe5 42. b7 Rb6 43. b8Q Rxb8 44. Rxb8 Kf7 45. Kg2 Ne6 46. Kf3 Kf6 47. Ke3 h5 48. Rb5 Ng5 49. h4 Nf7 50. Rd5 Ke6 51. Ra5 g6 52. f4 Kf6 53. Ke4 exf4 54. Kxf4 Nd8 55. Ra6+ Kg7 56. Ke5 Kh6 57. Kf6 Nb7 58. Ra8 1-0

[Event "SVK-chT2C 0809"]
[Site "Slovakia"]
[Date "2009.03.01"]
[Round "11.5"]
[White "Kekely, Lubos"]
[Black "Seget, Milan"]
[Result "0-1"]
[WhiteElo "2089"]
[BlackElo "2155"]
[PlyCount "106"]
[EventDate "2008.10.11"]
[EventType "team-tourn"]
[EventRounds "11"]
[EventCountry "SVK"]
[SourceTitle "EXT 2010"]
[Source "ChessBase"]
[SourceDate "2010.11.25"]
[SourceVersion "1"]
[SourceVersionDate "2010.11.25"]
[SourceQuality "1"]
[WhiteTeam "Zilina DMS"]
[BlackTeam "Zvolen Slavia"]
[WhiteTeamCountry "SVK"]
[BlackTeamCountry "SVK"]

1. e4 c6 2. Nf3 d5 3. Nc3 dxe4 4. Nxe4 Bg4 5. Bc4 e6 6. c3 Be7 7. h3 Bxf3 8. Qxf3 Nf6 9. Nxf6+ Bxf6 10. d4 0-0 11. Bf4 Nd7 12. Rd1 Qb6 13. 0-0 a5 14. b3 Rac8 15. Rd2 Rfd8 16. Rfd1 Nf8 17. Qg3 Ng6 18. Bg5 Bxg5 19. Qxg5 Rd7 20. Rd3 Qd8 21. Qxd8+ Rcxd8 22. a4 Nf4 23. Rf3 Nd5 24. Bxd5 Rxd5 25. Re1 g6 26. Rfe3 Kf8 27. Re5 Ke7 28. f4 b6 29. Rxd5 Rxd5 30. Kf2 c5 31. Re5 Kd6 32. Rxd5+ Kxd5 33. dxc5 bxc5 34. Ke3 f6 35. c4+ Kd6 36. g4 h6 37. Ke4 f5+ 38. gxf5 gxf5+ 39. Kf3 e5 40. fxe5+ Kxe5 41. Ke3 f4+ 42. Kf3 Kf5 43. Kf2 Ke4 44. Ke2 f3+ 45. Kf2 Kf4 46. h4 h5 47. b4 cxb4 48. c5 Ke5 49. Kxf3 b3 50. c6 Kd6 51. Kf4 b2 52. Kg5 b1Q 53. Kxh5 Qh7+ 0-1

[Event "SVK-chT2C 0809"]
[Site "Slovakia"]
[Date "2009.02.28"]
[Round "10.5"]
[White "Kekely, Lubos"]
[Black "Puskar, Jan"]
[Result "1/2-1/2"]
[WhiteElo "2089"]
[BlackElo "1994"]
[PlyCount "106"]
[EventDate "2008.10.11"]
[EventType "team-tourn"]
[EventRounds "11"]
[EventCountry "SVK"]
[SourceTitle "EXT 2010"]
[Source "ChessBase"]
[SourceDate "2010.11.25"]
[SourceVersion "1"]
[SourceVersionDate "2010.11.25"]
[SourceQuality "1"]
[WhiteTeam "Zilina DMS"]
[BlackTeam "Banska Bystrica CVC"]
[WhiteTeamCountry "SVK"]
[BlackTeamCountry "SVK"]

1. e4 e6 2. Nc3 d5 3. Nf3 Nf6 4. exd5 exd5 5. d4 c6 6. Bd3 Bg4 7. 0-0 Be7 8. Re1 0-0 9. Bg5 Nbd7 10. h3 Bh5 11. Be2 Re8 12. Ne5 Bxe2 13. Qxe2 h6 14. Bh4 Ne4 15. Bxe7 Rxe7 16. Nxd7 Rxd7 17. Nxe4 dxe4 18. Qxe4 Rxd4 19. Qe7 Rd7 20. Qxd8+ Raxd8 21. Re2 Rd1+ 22. Rxd1 Rxd1+ 23. Kh2 Kf8 24. Kg3 c5 25. a4 b6 26. b3 c4 27. Kf3 cxb3 28. cxb3 Rd4 29. Re3 Rb4 30. Ke2 f5 31. Kd2 a5 32. Kc2 Kf7 33. Kc3 g5 34. Rd3 g4 35. hxg4 fxg4 36. Rd4 Rxd4 37. Kxd4 Kf6 38. Ke4 Kg5 39. g3 h5 40. Ke5 h4 41. gxh4+ Kxh4 42. Kf4 Kh3 43. Kf5 Kg2 44. Kxg4 Kxf2 45. Kf4 Ke2 46. Ke4 Kd2 47. Kd4 Kc2 48. Kc4 Kb2 49. b4 axb4 50. Kxb4 Ka2 51. Kc4 Ka3 52. Kb5 Kb3 53. Kxb6 Kxa4 1/2-1/2

[Event "SVK-chT2C 0809"]
[Site "Slovakia"]
[Date "2009.01.31"]
[Round "8.2"]
[White "Luptak, Pavol"]
[Black "Kekely, Lubos"]
[Result "0-1"]
[WhiteElo "2071"]
[BlackElo "2089"]
[PlyCount "120"]
[EventDate "2008.10.11"]
[EventType "team-tourn"]
[EventRounds "11"]
[EventCountry "SVK"]
[SourceTitle "EXT 2010"]
[Source "ChessBase"]
[SourceDate "2010.11.25"]
[SourceVersion "1"]
[SourceVersionDate "2010.11.25"]
[SourceQuality "1"]
[WhiteTeam "Banska Bystrica Kurta"]
[BlackTeam "Zilina DMS"]
[WhiteTeamCountry "SVK"]
[BlackTeamCountry "SVK"]

1. e4 e5 2. Nf3 Nc6 3. Bb5 a6 4. Ba4 Nf6 5. 0-0 Nxe4 6. d4 b5 7. Bb3 d5 8. dxe5 Be6 9. Be3 Be7 10. c3 0-0 11. h3 Qd7 12. Nbd2 Nc5 13. Bc2 Bf5 14. Bxf5 Qxf5 15. Nd4 Qd7 16. N2f3 Nxd4 17. cxd4 Ne6 18. Rc1 Rac8 19. Qd3 c5 20. Rfd1 c4 21. Qf5 Nc5 22. Qh5 Nd3 23. Rb1 Qe6 24. Bg5 Qf5 25. Qh4 Bxg5 26. Nxg5 f6 27. exf6 Rxf6 28. Nf3 Re8 29. Ne5 Nxe5 30. dxe5 Rxe5 31. Qd4 Re2 32. Rf1 Qe4 33. Qxe4 Rxe4 34. Rfe1 Rfe6 35. Rxe4 Rxe4 36. Kf1 d4 37. Rd1 d3 38. Rd2 Kf7 39. f3 Re5 40. Kf2 b4 41. f4 Ra5 42. b3 c3 43. Rxd3 Rxa2+ 44. Ke3 Rxg2 45. Rd7+ Ke6 46. Rc7 Kd6 47. Rc4 a5 48. Rc8 Rg3+ 49. Ke2 Rxh3 50. Ra8 Rh5 51. Kd3 Rd5+ 52. Kc2 Ke6 53. Rg8 g6 54. Rg7 Rd7 55. Rg8 Kf5 56. Rf8+ Kg4 57. Ra8 Rd5 58. Rh8 h5 59. Rg8 Rd6 60. Ra8 Kxf4 0-1

[Event "SVK-chT2C 0809"]
[Site "Slovakia"]
[Date "2009.01.10"]
[Round "7.5"]
[White "Kopera, Michal"]
[Black "Kekely, Lubos"]
[Result "0-1"]
[WhiteElo "2141"]
[BlackElo "2089"]
[PlyCount "104"]
[EventDate "2008.10.11"]
[EventType "team-tourn"]
[EventRounds "11"]
[EventCountry "SVK"]
[SourceTitle "EXT 2010"]
[Source "ChessBase"]
[SourceDate "2010.11.25"]
[SourceVersion "1"]
[SourceVersionDate "2010.11.25"]
[SourceQuality "1"]
[WhiteTeam "Zilina Mladost juniors"]
[BlackTeam "Zilina DMS"]
[WhiteTeamCountry "SVK"]
[BlackTeamCountry "SVK"]

1. e4 e5 2. Nf3 Nc6 3. Bb5 a6 4. Ba4 Nf6 5. d3 d6 6. 0-0 Be7 7. c3 0-0 8. h3 b5 9. Bb3 Na5 10. Bc2 c5 11. Re1 Bb7 12. Nbd2 Re8 13. Nf1 Bf8 14. Ng3 g6 15. a4 Bg7 16. d4 exd4 17. cxd4 Qb6 18. d5 Nd7 19. Rb1 b4 20. b3 Rac8 21. Bb2 Bxb2 22. Rxb2 c4 23. Rb1 cxb3 24. Bxb3 Nxb3 25. Rxb3 a5 26. Nd4 Rc4 27. Nf3 Nc5 28. Nd2 Rd4 29. Rb1 Ba6 30. Re3 Bd3 31. Rb2 Bxe4 32. Qa1 Qd8 33. Ngxe4 Nxe4 34. Nxe4 Rdxe4 35. Rxe4 Rxe4 36. Qd1 Qe7 37. Rb1 Qe5 38. g3 Rd4 39. Qc2 Qxd5 40. Re1 Qc4 41. Qb2 Re4 42. Rc1 Re2 43. Qa1 Rc2 44. Re1 Qc3 45. Qd1 Qc5 46. Qf3 Rc1 47. Rxc1 Qxc1+ 48. Kg2 Qc2 49. g4 b3 50. g5 b2 51. Qa8+ Kg7 52. Qf3 Qf5 0-1

[Event "SVK-chT2C 0809"]
[Site "Slovakia"]
[Date "2008.12.07"]
[Round "6.6"]
[White "Kostelny, Jozef"]
[Black "Kekely, Lubos"]
[Result "1-0"]
[WhiteElo "2195"]
[BlackElo "2089"]
[PlyCount "55"]
[EventDate "2008.10.11"]
[EventType "team-tourn"]
[EventRounds "11"]
[EventCountry "SVK"]
[SourceTitle "EXT 2010"]
[Source "ChessBase"]
[SourceDate "2010.11.25"]
[SourceVersion "1"]
[SourceVersionDate "2010.11.25"]
[SourceQuality "1"]
[WhiteTeam "Zilina Mladost II"]
[BlackTeam "Zilina DMS"]
[WhiteTeamCountry "SVK"]
[BlackTeamCountry "SVK"]

1. d4 d5 2. c4 c6 3. Nf3 Nf6 4. Nc3 e6 5. Qc2 Nbd7 6. Bf4 Be7 7. e3 0-0 8. h3 dxc4 9. Bxc4 Nd5 10. Bg3 Nxc3 11. bxc3 b6 12. 0-0 Bb7 13. Bd3 h6 14. Rfd1 Kh8 15. e4 b5 16. c4 bxc4 17. Bxc4 Qa5 18. Rab1 Nb6 19. Ne5 Kg8 20. Rb3 Rac8 21. Bf4 Ba8 22. Rg3 Nxc4 23. Qxc4 Kh7 24. Qe2 Bd6 25. Nc4 Bxf4 26. Nxa5 Bxg3 27. fxg3 Rfd8 28. Nb3 1-0

[Event "SVK-chT2C 0708"]
[Site "Slovakia"]
[Date "2008.03.14"]
[Round "11.1"]
[White "Kekely, Lubos"]
[Black "Giertli, Vladimir"]
[Result "1/2-1/2"]
[WhiteElo "2070"]
[BlackElo "2063"]
[PlyCount "68"]
[EventDate "2007.10.06"]
[EventType "team-tourn"]
[EventRounds "11"]
[EventCountry "SVK"]
[SourceTitle "EXT 2010"]
[Source "ChessBase"]
[SourceDate "2010.11.25"]
[SourceVersion "1"]
[SourceVersionDate "2010.11.25"]
[SourceQuality "1"]
[WhiteTeam "Zilina DMS"]
[BlackTeam "Podbrezova ZP Sport"]
[WhiteTeamCountry "SVK"]
[BlackTeamCountry "SVK"]

1. e4 d6 2. d4 Nf6 3. Nc3 g6 4. f4 Bg7 5. Nf3 c5 6. dxc5 Qa5 7. Bd3 Qxc5 8. Qe2 0-0 9. Be3 Qa5 10. 0-0 Nc6 11. Rad1 Bg4 12. h3 Bxf3 13. Rxf3 Rac8 14. Bc4 e5 15. Kh1 Nd4 16. Bxd4 exd4 17. Nb5 Rxc4 18. Qxc4 Nxe4 19. Nxd4 Re8 20. f5 d5 21. Qb5 Ng3+ 22. Kh2 Qxb5 23. Nxb5 Nxf5 24. Rxd5 Bxb2 25. c3 Re7 26. Rfd3 a6 27. Nd4 Ne3 28. Rd8+ Kg7 29. Nf3 Nf1+ 30. Kg1 Ng3 31. R3d7 Re2 32. Rxb7 Bc1 33. Rdd7 Be3+ 34. Kh2 Nf1+ 1/2-1/2

[Event "SVK-chT2C 0708"]
[Site "Slovakia"]
[Date "2008.02.02"]
[Round "8.5"]
[White "Kekely, Lubos"]
[Black "Ambrozi, Peter"]
[Result "0-1"]
[WhiteElo "2070"]
[BlackElo "2016"]
[PlyCount "120"]
[EventDate "2007.10.06"]
[EventType "team-tourn"]
[EventRounds "11"]
[EventCountry "SVK"]
[SourceTitle "EXT 2010"]
[Source "ChessBase"]
[SourceDate "2010.11.25"]
[SourceVersion "1"]
[SourceVersionDate "2010.11.25"]
[SourceQuality "1"]
[WhiteTeam "Zilina DMS"]
[BlackTeam "Dolny Kubin"]
[WhiteTeamCountry "SVK"]
[BlackTeamCountry "SVK"]

1. e4 e6 2. Nc3 c5 3. Nf3 a6 4. d4 cxd4 5. Nxd4 b5 6. a3 Bb7 7. Bd3 Qc7 8. 0-0 Nf6 9. Bd2 Be7 10. Kh1 d5 11. exd5 Nxd5 12. Qg4 Nf6 13. Qh3 Nbd7 14. Nb3 Rc8 15. Rae1 Nc5 16. Nxc5 Qxc5 17. Be3 Qh5 18. Qxh5 Nxh5 19. Ne4 Nf6 20. Nxf6+ Bxf6 21. c3 0-0 22. Bf4 Rfd8 23. Rd1 Bd5 24. Bc2 a5 25. Be3 Rc6 26. Bd4 Bxd4 27. Rxd4 Bxg2+ 28. Kxg2 Rxd4 29. Bxh7+ Kxh7 30. cxd4 Rc2 31. b4 axb4 32. axb4 Rc4 33. Rd1 Rxb4 34. d5 exd5 35. Rxd5 Rb3 36. f3 Kg6 37. Kg3 Kf6 38. Rc5 Rb1 39. Kf4 b4 40. Ke3 g5 41. Ke4 Re1+ 42. Kd3 Re5 43. Rc4 Rf5 44. Ke3 Rb5 45. h4 b3 46. hxg5+ Kxg5 47. Rc1 b2 48. Rb1 Kf5 49. Ke2 Kf4 50. Kf2 f5 51. Ke2 Rb8 52. Kf2 Rb3 53. Ke2 Re3+ 54. Kf2 Rxf3+ 55. Kg2 Rb3 56. Kf2 Ke4 57. Ke2 Rh3 58. Kf2 Rh2+ 59. Kg3 Rd2 60. Kh3 Kd3 0-1

[Event "SVK-chT2C 0708"]
[Site "Slovakia"]
[Date "2008.01.12"]
[Round "7.6"]
[White "Kekely, Lubos"]
[Black "Daubner, Jakub"]
[Result "1-0"]
[WhiteElo "2070"]
[BlackElo "2163"]
[PlyCount "93"]
[EventDate "2007.10.06"]
[EventType "team-tourn"]
[EventRounds "11"]
[EventCountry "SVK"]
[SourceTitle "EXT 2010"]
[Source "ChessBase"]
[SourceDate "2010.11.25"]
[SourceVersion "1"]
[SourceVersionDate "2010.11.25"]
[SourceQuality "1"]
[WhiteTeam "Zilina DMS"]
[BlackTeam "Zilina Mladost juniors"]
[WhiteTeamCountry "SVK"]
[BlackTeamCountry "SVK"]

1. e4 e6 2. Nf3 d5 3. Nc3 Nf6 4. exd5 exd5 5. d4 Bg4 6. Be2 Be7 7. 0-0 0-0 8. Re1 c6 9. h3 Bxf3 10. Bxf3 h6 11. Bf4 Bd6 12. Qd2 Bxf4 13. Qxf4 Na6 14. Ne2 Qc7 15. Qh4 Rfe8 16. Ng3 Qd7 17. c3 Nc7 18. Be2 a6 19. Bd3 Nb5 20. Nf5 Nd6 21. Nxh6+ gxh6 22. Qxf6 Re6 23. Rxe6 Qxe6 24. Qxe6 fxe6 25. Re1 Kf7 26. Re3 Rg8 27. f4 a5 28. Kf2 b6 29. Rg3 Rxg3 30. Kxg3 c5 31. Kh4 cxd4 32. cxd4 Kg7 33. g4 b5 34. b3 b4 35. Kg3 Kf6 36. h4 Kg7 37. g5 Nc8 38. f5 exf5 39. Bxf5 Ne7 40. Kf4 hxg5+ 41. hxg5 Nc6 42. Bd3 Nxd4 43. Ke5 Nf3+ 44. Kxd5 Nxg5 45. Kc5 Ne6+ 46. Kb6 Nf4 47. Bc4 1-0

[Event "SVK-chT2C 0607"]
[Site "Slovakia"]
[Date "2006.11.25"]
[Round "3.2"]
[White "Kekely, Lubos"]
[Black "Hrnciar, Roman"]
[Result "1-0"]
[WhiteElo "2047"]
[BlackElo "2027"]
[PlyCount "85"]
[EventDate "2006.10.14"]
[EventType "team-tourn"]
[EventRounds "11"]
[EventCountry "SVK"]
[SourceTitle "EXT 2008"]
[Source "ChessBase"]
[SourceDate "2007.11.25"]
[SourceVersion "1"]
[SourceVersionDate "2007.11.25"]
[SourceQuality "1"]
[WhiteTeam "Zilina DMS"]
[BlackTeam "Dolny Kubin"]
[WhiteTeamCountry "SVK"]
[BlackTeamCountry "SVK"]

1. e4 c5 2. Nf3 d6 3. d4 cxd4 4. Nxd4 Nf6 5. Nc3 g6 6. Bc4 Bg7 7. Bb3 Nc6 8. f3 Nxe4 9. Nxc6 Nxc3 10. Nxd8 Nxd1 11. Nxf7 Rf8 12. Kxd1 Rxf7 13. Bxf7+ Kxf7 14. c3 a5 15. Be3 b5 16. f4 b4 17. Bd4 Bg4+ 18. Kd2 e5 19. fxe5 dxe5 20. Be3 Rd8+ 21. Ke1 bxc3 22. bxc3 e4 23. Bd4 Bxd4 24. cxd4 Rxd4 25. h3 Be6 26. Ke2 Kf6 27. Rhd1 Ra4 28. a3 Ke5 29. Ke3 Bb3 30. Rdc1 Rd4 31. Rc5+ Bd5 32. Rxa5 Rd3+ 33. Ke2 Kf4 34. Rf1+ Kg3 35. Rd1 Rxd1 36. Kxd1 Bb3+ 37. Ke2 Kxg2 38. h4 Be6 39. Ke3 Kg3 40. h5 Bf5 41. a4 Kg4 42. hxg6 hxg6 43. Rc5 1-0

[Event "SVK-chT2C 0506"]
[Site "Slovakia"]
[Date "2006.03.11"]
[Round "10.3"]
[White "Kekely, Lubos"]
[Black "Rogos, Jan Jr"]
[Result "0-1"]
[WhiteElo "2015"]
[BlackElo "2048"]
[PlyCount "56"]
[EventDate "2005.10.22"]
[EventType "team-tourn"]
[EventRounds "11"]
[EventCountry "SVK"]
[SourceTitle "EXT 2009"]
[Source "ChessBase"]
[SourceDate "2008.11.26"]
[SourceVersion "1"]
[SourceVersionDate "2008.11.26"]
[SourceQuality "1"]

1. e4 c5 2. Nf3 Nc6 3. d4 cxd4 4. Nxd4 Nf6 5. Nc3 e5 6. Ndb5 d6 7. Bg5 a6 8. Na3 b5 9. Nd5 Be7 10. Bxf6 Bxf6 11. c3 Bg5 12. Bd3 0-0 13. Nc2 Be6 14. Nce3 Ne7 15. Nxe7+ Qxe7 16. Qe2 Rab8 17. 0-0 g6 18. a4 f5 19. axb5 axb5 20. Bxb5 f4 21. Nd5 Bxd5 22. exd5 f3 23. Qc4 fxg2 24. Kxg2 Bf4 25. f3 Qh4 26. Rh1 Qg5+ 27. Kf1 Be3 28. Ke1 Qg2 0-1